| 000 | 01367cam a22004214i 4500 | ||
|---|---|---|---|
| 003 | PE-LiUPU | ||
| 005 | 20250731173300.0 | ||
| 008 | 150625s1950 xxk r 000 0 heb d | ||
| 035 | _a(Sirsi) a36040 | ||
| 040 |
_aPE-LiUPU _bspa _cPE-LiUPU _dPE-LiUPU _erda |
||
| 082 | 0 | 4 |
_a220.44 _bB14 _221 |
| 130 |
_aBiblia. _lHebreo. _f1950. |
||
| 245 | 1 | 1 | _a[Biblia en Hebreo]. |
| 264 | 1 |
_aLondres : _bLowe and Brydone Printers Limited, _c1950. |
|
| 300 |
_a1383 páginas ; _c1949 |
||
| 336 |
_atext _2rdacontent |
||
| 337 |
_aunmediated _2rdamedia |
||
| 338 |
_avolume _2rdacarrier |
||
| 505 | 0 | _aBiblia en Hebreo. | |
| 526 | _aSEG42 | ||
| 526 | _aSEG41 | ||
| 526 | _aSEG40 | ||
| 526 | _aSEG39 | ||
| 526 | _aP94 | ||
| 526 | _aP87 | ||
| 526 | _aP86 | ||
| 526 | _aP85 | ||
| 526 | _aP77 | ||
| 526 | _aP76 | ||
| 526 | _aP35 | ||
| 630 |
_aBiblia. _lHebreo. _f1950. |
||
| 910 |
_baj _cnm _d20050512 |
||
| 942 |
_2ddc _cBOOK |
||
| 949 |
_a220.44 B14 _wDEWEY _c1 _i53993 _lCCODEBUL1 _mBUL _p10 _r0 _sY _tBOOK _u2015-06-25 _xTEOLOGIA _zUNKNOWN _0COMPRA _o.STAFF. Colección Teología |
||
| 596 | _a1 | ||
| 999 |
_a220.44 B14 _wDEWEY _c44070 _i53993 _d44070 _e2019-10-28 _f2021-11-9 _g4 _lCCODEBUL1 _mBUL _n5 _p10.00 _r0 _sY _tBOOK _u2015-6-25 _xTEOLOGIA _zUNKNOWN _0COMPRA _o.STAFF. Colección Teología |
||
| 980 |
_81 _gALBERTO SANCHEZ Responsable de Automatización |
||